Carregant...

Chinese myths and legends

Dades bibliogràfiques
Autor principal: Chen Tingyou
Format: Printed Book
Publicat: New York Cambridge University Press 2011
Matèries:
LEADER 00661nam a22002051a 4500
020 |a 9780521186797  |c 0.00 
040 |a SSUS - Library - Kalady 
082 |a 299.511 13  |b CHE/C 
100 |a Chen Tingyou 
245 |a Chinese myths and legends  |h [Text] 
260 |a New York  |b Cambridge University Press  |c 2011 
300 |a 142p. 
600 |a Legends  
600 |a Mythology 
600 |a Mythology China 
600 |a Religion 
852 |h 299.511 13  |i CHE/C  |p 062697  |9 1127.53  |t 0 
942 |c BK 
999 |c 7457  |d 7457 
952 |0 0  |1 0  |4 0  |6 299_511000000000000_13_CHE_C  |7 0  |9 11212  |a SSUS  |b SSUS  |d 2015-01-08  |g 1127.53  |o 299.511 13 CHE/C  |p 062697  |r 2015-01-08  |v 0.00  |w 2015-01-08  |y BK